000 00295nam a22001337a 4500
008 170401b xxu||||| |||| 00| 0 eng d
020 _a9790520237376
041 _aeng
080 _a617
100 _a8
101 _aSHM
245 _aEXPLORING CONSCIOUSNESS
_cCARTER, R
942 _2udc
_cBK
999 _c9371
_d9371